| 000 | 00000nam##2200000za#4500 |
| 001 | 9.568753 |
| 003 | CaOODSP |
| 005 | 20210624181429 |
| 007 | cr ||||||||||| |
| 008 | 150406|2002||||xxc|||||o f|0| 0 eng|d |
| 040 | |aCaOODSP|beng |
| 043 | |an-cn--- |
| 086 | 1 |aBT31-2/2002-III-97E-PDF |
| 110 | 1 |aCanada. |bTreasury Board. |
| 245 | 14|aThe National Battlefields Commission, 2001-2002 estimates, part III - report on plans and priorities |h[electronic resource] |
| 260 | |aOttawa - Ontario : |bTreasury Board of Canada Secretariat |cc2001. |
| 300 | |a22p.|borganization chart, tables |
| 490 | 1 |a2001-2002 estimates. Part III, Report on plans and priorities |v2001-2002 |
| 500 | |aThe catalogue number (BT31-2/2002-III-97) and ISBN (0-660-61519-3) for the bilingual print edition have been incorrectly copied in this electronic publication. |
| 590 | |a12-25-Supp|b2012-06-04 |
| 775 | 08|tCommission des champs de bataille nationaux, budget des dépenses 2001-2002, partie III - rapport sur les plans et les priorités |w(CaOODSP)9.600020 |
| 776 | 0#|tNational Battlefields Commission |w(CaOODSP)9.534476 |
| 776 | 0#|tCommission des champs de bataille nationaux |w(CaOODSP)9.534477 |
| 830 | #0|a2001-2002 estimates. Part III, Report on plans and priorities ;|v2001-2002|w(CaOODSP)9.506174 |
| 856 | 40|ahttp://publications.gc.ca|qPDF|s162 KB|uhttps://publications.gc.ca/collections/Collection/BT31-2-2002-III-97E.pdf|y2001-2002 |